000 00423nam a2200181Ia 4500
001 10895
005 20260306161906.0
008 260306t1970||||xx |||||||||||||| ||spa||
041 _aESP
082 _a980
_bV915
100 _aValls Gorina, Manuel
_eAUT
245 0 _aAproximación a la música
260 _c1970
300 _a162 páginas :
_c18 cm.
650 _aGEN
654 _aCHU
942 _cLIB
_dJUS
_fJUS
_2ddc
_n
999 _c10895
_d10895